Prisons et emprisonnement (Record no. 152702)

MARC details
000 -LEADER
campo de control de longitud fija 00583nam a2200157 i 4500
001 - NÚMERO DE CONTROL
campo de control 152702
003 - IDENTIFICADOR DE NÚMERO DE CONTROL
campo de control ES-MaACL
005 - FECHA Y HORA DE LA ÚLTIMA TRANSACCIÓN
campo de control 20230906204840.0
008 - DATOS DE LONGITUD FIJA--INFORMACIÓN GENERAL
campo de control de longitud fija 030213s1875 fr |||| | fre d
100 1# - ENTRADA PRINCIPAL--NOMBRE DE PERSONA
Nombre de persona Breton, C.
9 (RLIN) 31627
245 10 - MENCIÓN DEL TÍTULO
Título Prisons et emprisonnement
Resto del título : essais sur les réformes pénitentiaires /
Mención de responsabilidad, etc. par C. Breton.
260 ## - PUBLICACIÓN, DISTRIBUCIÓN, ETC.
Lugar de publicación, distribución, etc. Paris :
Nombre del editor, distribuidor, etc. A. Durand et Pedone-Lauriel,
Fecha de publicación, distribución, etc. 1875 (
Lugar de fabricación/manufactura Chaumont :
Fabricante Imp. Ch. Cavaniol)
300 ## - DESCRIPCIÓN FÍSICA
Extensión XXXII, 278 p. ;
Dimensiones 22 cm.
650 ## - PUNTO DE ACCESO ADICIONAL DE MATERIA--TÉRMINO DE MATERIA
Término de materia o nombre geográfico como elemento de entrada Derecho penitenciario-
Subdivisión geográfica Francia.
9 (RLIN) 141896
852 ## - LOCALIZACIÓN
Ubicación ES-MaACL
Número de control de estantería D-252
Nota libre - Enc. hol.
-- . - Donativo Lastres
Holdings
Estatus retirado Estado de pérdida Estado de daño No para préstamo Colección Biblioteca de origen Biblioteca actual Ubicación en estantería Fecha de adquisición Fuente de adquisición Total de préstamos Signatura topográfica completa Código de barras Visto por última vez Precio de reemplazo Tipo de ítem Koha
        Libros del s. XIX Biblioteca del Ateneo de Madrid Biblioteca del Ateneo de Madrid Sala Valle Inclán 17/01/2008     D-252 901159473 23/02/2023 23/02/2023 Libro impreso antiguo